MARC details
| 000 -LEADER |
| fixed length control field |
01300nam a22001817a 4500 |
| 003 - CONTROL NUMBER IDENTIFIER |
| control field |
BDDh-ASL |
| 005 - DATE AND TIME OF LATEST TRANSACTION |
| control field |
20231015030620.0 |
| 008 - FIXED-LENGTH DATA ELEMENTS--GENERAL INFORMATION |
| fixed length control field |
211004s2013 b ||||| |||| 00| 0 b d |
| 040 ## - CATALOGING SOURCE |
| Transcribing agency |
BDDh-ASL |
| 082 ## - DEWEY DECIMAL CLASSIFICATION NUMBER |
| Classification number |
928 |
| Item number |
SRI |
| 245 00 - TITLE STATEMENT |
| Title |
স্মৃতি সঞ্চয় মোহাম্মদ মনিরুজ্জামান স্মারকগ্রন্থ / |
| Statement of responsibility, etc. |
এনায়েত হোসেন খান ও অন্যান্য (সম্পা.) |
| 246 ## - VARYING FORM OF TITLE |
| Title proper/short title |
Sriti Sancay Mohammad Moniruzzaman Smarakgrantha |
| 260 ## - PUBLICATION, DISTRIBUTION, ETC. |
| Place of publication, distribution, etc. |
ঢাকা: |
| Name of publisher, distributor, etc. |
মোহাম্মদ মনিরুজ্জামান ফাউন্ডেশন, |
| Date of publication, distribution, etc. |
২০১৩। |
| 300 ## - PHYSICAL DESCRIPTION |
| Extent |
৩৮৪পৃষ্ঠা, : |
| Dimensions |
২২ সে. মি. |
| Other physical details |
ছবি; |
| 650 #0 - SUBJECT ADDED ENTRY--TOPICAL TERM |
| Topical term or geographic name entry element |
Commemoration Volume (স্মারকগ্রন্থ), Memoirs, স্মারকগ্রন্থ, Smārakagrantha, Souvenir, স্মরণিক, স্মারকগ্রন্থ, স্মৃতিকথা, Smr̥tikathā, Memoirs, Reminiscences, স্মরণিকা, Smaraṇikā, Souvenir, স্যুভেনির, অভিজ্ঞান, Syubhēnira, so͞ovəˈnir, memorial, souvenir, remembrancer |
| 9 (RLIN) |
4668 |
| 700 1# - ADDED ENTRY--PERSONAL NAME |
| 9 (RLIN) |
1716 |
| Personal name |
খান, এনায়েত হোসেন |
| 942 ## - ADDED ENTRY ELEMENTS (KOHA) |
| Source of classification or shelving scheme |
Dewey Decimal Classification |
| Koha item type |
Books |